Statistics for Grand Theft Auto: Vice City - Flash FM radio tracks

Click here to take the quiz!

General Stats

  • This quiz has been taken 18 times
  • The average score is 8 of 16

Answer Stats

PerformerSong% Correct
Michael JacksonBillie Jean
100%
Bryan AdamsRun to You
69%
Laura BraniganSelf Control
69%
YesOwner of a Lonely Hearts
69%
Hall & OatesOut of Touch
63%
AnekaJapanese Boy
56%
Electric Light OrchestraFour Little Diamonds
50%
Joe JacksonSteppin' Out
50%
The BugglesVideo Killed the Radio Star
50%
Wang ChungDance Hall Days
50%
INXSKiss the Dirt (Falling Down the Mountain)
44%
Go WestCall Me
38%
Lionel RichieRunning with the Night
38%
Talk TalkLife's What You Make It
31%
The FixxOne Thing Leads to Another
25%
The OutfieldYour Love
25%

Score Distribution

Percentile by Number Answered

Percent of People with Each Score

Your Score History

You have not taken this quiz